| 000 | 01247cam a22002651i 4500 | ||
|---|---|---|---|
| 003 | SA-RiAUC | ||
| 005 | 20241119141954.0 | ||
| 008 | 241113s2009 ||| g 000 0 ara c | ||
| 040 |
_aSA-JeALM _bara _cSA-RiAUC _erda |
||
| 082 | 0 | 4 | _a258.2 |
| 090 |
_a258.2 _bج ن د |
||
| 100 | 0 |
_aالجندي، خليل بن اسحاق _cالشيخ، _dتوفي 776 هجري _eمؤلف. |
|
| 245 | 1 | 2 |
_aالجامع مقابلا على ثلاث نسخ منها نسختان خطيتان في ملك المحقق / _cخليل بن إسحاق الجندي ؛ دراسة وتحقيق أحمد بن عبد الكريم نجيب. |
| 246 | 3 | _aالجامع مقابلا على 3 نسخ منها نسختان خطيتان في ملك المحقق | |
| 250 | _aالطبعة الثالثة. | ||
| 264 | 1 |
_a[دبلن . ايرلاندا] : _bمركز نجيبوية للمخطوطات وخدمة التراث، _c2009 |
|
| 300 | _a144 صفحة | ||
| 336 |
_aنص _btxt _2rdacontent _3كتاب |
||
| 337 |
_aبدون وسيط _bn _2rdamedia |
||
| 338 |
_aمجلد _bnc _2rdacarrier |
||
| 650 | 7 |
_aالفقه المالكي _2aucsh |
|
| 700 | 1 |
_aنجيب، أحمد عبد الكريم _eمحقق. |
|
| 942 |
_2ddc _cBOOK _n0 |
||
| 949 |
_aSA-JeALM _d241113 _umohamedma123 _n1 |
||
| 999 |
_c2537 _d2537 |
||